| 000 | 00398nam a2200145Ia 4500 | ||
|---|---|---|---|
| 008 | 230917s9999||||xx |||||||||||||| ||und|| | ||
| 040 |
_e194937 _aMAIN |
||
| 041 | _aEnglish | ||
| 082 | _a514 M318T | ||
| 100 | _aMcCarty, George | ||
| 245 | 0 | _aTopology: An Introduction with application to topological groups | |
| 260 |
_aNew Delhi _bTata McGraw-Hill _c1967 |
||
| 300 | _axiv,270 p. | ||
| 942 | _cBK | ||
| 999 |
_c231708 _d231708 |
||